000
00227nam a22000857a 4500
001
1236347
005
20251001162700.0
245
_a
MUTSUZ PALYANÇOLAR ÖRGÜTÜ
_c
NESLİHAN ÖNDEROĞLU
260
_b
GÜNIŞIĞI KİTAPLIĞI YAYINLARI
999
_c
1236347
_d
1236347